| 000 | 00412nam a22001697a 4500 | ||
|---|---|---|---|
| 999 |
_c1732 _d1732 |
||
| 003 | SLTCLib | ||
| 008 | 251202b ce ||||| |||| 00| 0 eng d | ||
| 020 | _a9781118609637 | ||
| 041 | _aEnglish | ||
| 082 |
_a658.575 _bNEW |
||
| 100 |
_aNewbery, Patrick _93182 |
||
| 245 | _aExperience Design | ||
| 300 | _a232p. | ||
| 650 | 0 |
_92590 _aProduct Designing |
|
| 650 | 0 |
_92097 _a Industrial design |
|
| 942 |
_2ddc _cMLN |
||
| 945 |
_a3725 _bIshara wickramage _c3725 _dIshara wickramage |
||